| 000 | 00537nam a2200157 i 4500 | ||
|---|---|---|---|
| 001 | 103747 | ||
| 003 | ES-MaACL | ||
| 005 | 20230906183434.0 | ||
| 007 | t| | ||
| 008 | 051117s1923 sp ||||1| spa d | ||
| 100 | 1 |
_aMeruéndano y Fermoso, Javier. _980621 |
|
| 245 | 1 | 3 |
_aLa situación económica de Rusia y las perspectivas de sus mercados _b: estudio económico / _cpor Javier Meruéndano y Fermoso. |
| 260 |
_aMadrid : _b[s.n.], _c1923 ( _fImp. del Ministerio de Estado) |
||
| 300 |
_a65 p. ; _c23 cm. |
||
| 852 |
_aES-MaACL _j1665-F-2 |
||
| 999 |
_c103747 _d103747 |
||